000 00818nac a22002051u 4500
010 _a 37003897
082 _a610.69
090 _c3581
_d3581
100 _a20080729
245 0 4 _aThe British encyclopaedia of medical practice /
260 _aLondon,
_bButterworth,
_c1936-39.
300 _aV.1:
_billus., plates (part col.)
_c26 cm.
500 _aDonations.
500 _aDonations - Bibliotheca Alexandrina.
650 0 _aMedicine
_xPractice. [from old catalog]
650 0 _aMedicine
_xDictionaries. [from old catalog]
700 1 _aRolleston, Humphrey Davy,
_cSir, bart.,
_d1862-1944, [from old catalog]
942 _cBB
_k610.69
999 _c3581
_d3581